000 01514cpcaa2200349 a 4500
001 mm 79001962
003 DLC
005 20260227111640.0
008 800102|||||||||||| eng
010 _amm 79001962
040 _aDLC
_cDLC
_dDLC
_edacs
072 7 _aW
_2lcmd
100 1 _aToombs, Robert Augustus,
_d1810-1885.
245 0 0 _aRobert Augustus Toombs papers,
_f1834-1862.
300 _a12
_fitems.
506 0 _aOpen to research.
520 8 _aChiefly letters from Toombs to Gov. George Washington Crawford relating to Georgia and national politics.
533 _aIn part, negative photocopies.
_b[S.l.].
545 0 _aU.S. senator and representative from Georgia and Confederate secretary of state and army officer.
546 _aCollection material in English.
580 _aForms part of: Miscellaneous Manuscripts collection.
600 1 0 _aCrawford, George Washington,
_d1798-1872
_vCorrespondence.
651 0 _aGeorgia
_xPolitics and government
_y1775-1865.
651 0 _aUnited States
_xPolitics and government
_y1783-1865.
656 7 _aArmy officers, Confederate.
_2itoamc
656 7 _aCabinet officers
_zConfederate States of America.
_2itoamc
656 7 _aPublic officials
_zGeorgia.
_2itoamc
656 7 _aRepresentatives, U.S. Congress
_zGeorgia.
_2itoamc
656 7 _aSenators, U.S. Congress
_zGeorgia.
_2itoamc
999 _c41058
_d41058